<?xml version="1.0" encoding="UTF-8"?><?xml-stylesheet type="text/xsl" href="static/style.xsl"?><OAI-PMH xmlns="http://www.openarchives.org/OAI/2.0/" xmlns:xsi="http://www.w3.org/2001/XMLSchema-instance" xsi:schemaLocation="http://www.openarchives.org/OAI/2.0/ http://www.openarchives.org/OAI/2.0/OAI-PMH.xsd"><responseDate>2026-06-01T18:07:51Z</responseDate><request verb="GetRecord" identifier="oai:riuma.uma.es:10630/19965" metadataPrefix="marc">https://riuma.uma.es/rest/oai/request</request><GetRecord><record><header><identifier>oai:riuma.uma.es:10630/19965</identifier><datestamp>2026-02-03T12:54:15Z</datestamp><setSpec>com_10630_19559</setSpec><setSpec>com_10630_3139</setSpec><setSpec>com_10630_10</setSpec><setSpec>col_10630_19921</setSpec></header><metadata><record xmlns="http://www.loc.gov/MARC21/slim" xmlns:dcterms="http://purl.org/dc/terms/" xmlns:doc="http://www.lyncode.com/xoai" xmlns:xsi="http://www.w3.org/2001/XMLSchema-instance" xsi:schemaLocation="http://www.loc.gov/MARC21/slim http://www.loc.gov/standards/marcxml/schema/MARC21slim.xsd">
   <leader>00925njm 22002777a 4500</leader>
   <datafield ind2=" " ind1=" " tag="042">
      <subfield code="a">dc</subfield>
   </datafield>
   <datafield ind2=" " ind1=" " tag="720">
      <subfield code="a">Sonlleva Velasco, Miriam</subfield>
      <subfield code="e">author</subfield>
   </datafield>
   <datafield ind2=" " ind1=" " tag="720">
      <subfield code="a">Sanz Simón, Carlos</subfield>
      <subfield code="e">author</subfield>
   </datafield>
   <datafield ind2=" " ind1=" " tag="720">
      <subfield code="a">Martínez Scott, Suyapa</subfield>
      <subfield code="e">author</subfield>
   </datafield>
   <datafield ind2=" " ind1=" " tag="260">
      <subfield code="c">2020-09-30</subfield>
   </datafield>
   <datafield ind2=" " ind1=" " tag="520">
      <subfield code="a">Los docentes tienen un papel protagonista en la transmisión de la historia y la construcción de una ciudadanía democrática. Los actuales planes de estudio de Magisterio no ofrecen a los futuros maestros una sólida formación histórica que les permita situarse como profesionales críticos ante el conocimiento pretérito. Esta ausencia responde a un modelo educativo neoliberal que apuesta por la productividad en detrimento de la justicia social. El presente trabajo trata de dar a conocer la trayectoria del Proyecto de Innovación Docente “Memoria de la escuela contemporánea: fuentes orales, iconográficas y otros recursos pedagógicos para la formación docente” de la Universidad de Valladolid. Este Proyecto, en el que trabajan varias asignaturas de los Grados de Magisterio, trata de enseñar a nuestros estudiantes la historia de la escuela contemporánea a través del testimonio de colectivos que tradicionalmente han sido excluidos del relato histórico oficial. Esta apuesta por recuperar el pasado a través de las relaciones intergeneracionales y la historia oral ha llevado, hasta el momento, a más de 350 estudiantes a tomar conciencia sobre la importancia de la historia en su formación como profesionales de la Educación. El contacto con el testimonio de antiguos alumnos y maestros de la escuela de nuestro inmediato pasado y el desarrollo de habilidades reflexivas y de investigación ha permitido que nuestros estudiantes se cuestionen la imposición hegemónica del saber y la existencia de un relato único. El valor de este tipo de aprendizajes resulta fundamental para formar profesionales críticos y comprometidos con un modelo educativo democrático</subfield>
   </datafield>
   <datafield ind1="8" ind2=" " tag="024">
      <subfield code="a">Sonlleva Velasco, M., Sanz-Simón, C. y Martínez-Scott, S. (2020). Testimonios de la escuela contemporánea para la formación del profesorado. Una apuesta por la memoria silenciada. Márgenes, Revista de Educación de la Universidad de Málaga, 1 (3), 250-271</subfield>
   </datafield>
   <datafield ind1="8" ind2=" " tag="024">
      <subfield code="a">https://hdl.handle.net/10630/19965</subfield>
   </datafield>
   <datafield ind1="8" ind2=" " tag="024">
      <subfield code="a">https://doi.org/10.24310/mgnmar.v1i3.9478</subfield>
   </datafield>
   <datafield tag="653" ind2=" " ind1=" ">
      <subfield code="a">Enseñanza-Innovaciones</subfield>
   </datafield>
   <datafield tag="653" ind2=" " ind1=" ">
      <subfield code="a">Profesores de universidad</subfield>
   </datafield>
   <datafield tag="653" ind2=" " ind1=" ">
      <subfield code="a">Educación-Investigación</subfield>
   </datafield>
   <datafield tag="653" ind2=" " ind1=" ">
      <subfield code="a">Historia oral</subfield>
   </datafield>
   <datafield tag="653" ind2=" " ind1=" ">
      <subfield code="a">Educación-Historia</subfield>
   </datafield>
   <datafield ind2="0" ind1="0" tag="245">
      <subfield code="a">Testimonios de la escuela contemporánea para la formación del profesorado. Una apuesta por la memoria silenciada</subfield>
   </datafield>
</record>
</metadata></record></GetRecord></OAI-PMH>